Statistiken für Tiere in Logos

Klicken Sie hier um das Quiz zu spielen!

Allgemein

  • Dieses Quiz wurde 3.429 mal gespielt
  • Das Durchschnittsergebnis liegt bei 11 aus 15

Antwortstatistiken

HintAntwort% Korrekt
PumaPuma
93%
LacosteKrokodil
92%
JägermeisterHirsch
90%
FerrariPferd
88%
WWFPanda
87%
PlayboyHase
86%
JetPunkFisch
78%
SwarovskiSchwan
76%
LufthansaKranich
71%
Eintracht FrankfurtAdler
70%
1860 MünchenLöwe
64%
Kellogg's CornflakesHahn
60%
BacardiFledermaus
59%
US-DemokratenEsel
39%
THW KielZebra
36%

Verteilung der Resultate

Perzentil nach korrekt beantworteten Fragen

Anzahl Personen mit jedem Resultat

Ihre Resultats-Entwicklung

Sie haben dieses Quiz noch nicht gespielt